| 000 | 004160000a22001690004500 | ||
|---|---|---|---|
| 003 | MACL | ||
| 005 | 20160110143337.0 | ||
| 008 | 160110b xxu||||| |||| 00| 0 eng d | ||
| 040 |
_aMACL _cMACL |
||
| 041 | _aEnglish | ||
| 082 | _a570/TYR | ||
| 100 |
_aTyrer, F _926847 |
||
| 245 | _aBiology in the Service of Man | ||
| 260 |
_bLongmans _c1959 _aBritain |
||
| 650 |
_aLife Science _931017 |
||
| 942 |
_cBK _k570/tyr _2ddc |
||
| 999 |
_c35441 _d35441 |
||